| Поле | Инд. | ПП | Название | Значение |
|---|---|---|---|---|
| Тип записи | a | |||
| Библиографический уровень | a | |||
| 001 | Контрольный номер | 06217cefceab40d6a3cb0060b51e6ab1 | ||
| 005 | Дата корректировки | 20200928113431.6 | ||
| 040 | a | Служба первич. каталог. | НБ ТвГУ | |
| b | Код языка каталог. | rus | ||
| e | Правила каталог. | PSBO | ||
| 041 | 0_ | a | Код языка текста | rus |
| 097 | b | Оператор | Starichkova.DV | |
| 100 | 1_ | a | Автор | Куртвапова Вероника Михайловна |
| q | Полное имя | Куртвапова В. М. | ||
| 245 | 10 | a | Заглавие | Нравственное воспитание школьника в поликультурном образовательном пространстве |
| 260 | a | Место издания | Тверь | |
| b | Издательство | Тверской государственный университет | ||
| 504 | a | Библиография | Библиогр.: с. 95 (11 назв.) | |
| 520 | 0_ | a | Аннотация | Рассмотрен феномен поликультурности как характеристика современного общества и образовательного пространства. Обоснована необходимость не только принимать во внимание поликультурность общества, но и активно использовать его воспитательный ресурс в нравственном воспитании подростков. Анализируется соотношение понятий "нравственность" и "мораль", представлен хронологический аспект реализации нравственного воспитания, а также одна из наиболее продуктивных концепций осуществления нравственного воспитания в поликультурной образовательной среде - личностно-ориентированный подход. |
| 653 | 0_ | a | Ключевые слова | Поликультурность общества |
| a | Ключевые слова | Поликультурное образовательное пространство | ||
| a | Ключевые слова | Нравственное воспитание школьника | ||
| a | Ключевые слова | Мультикультурное образование | ||
| a | Ключевые слова | Труды Тверского государственного университета | ||
| 700 | 12 | a | Другие авторы | Рачковская Надежда Александровна |
| q | Полное имя | Рачковская Н. А. | ||
| 773 | 18 | w | Контрольный № источника | 16c35705eaa44cf79369e991551d84b9 |
| t | Название источника | Традиции и новации в профессиональной подготовке и деятельности педагога | ||
| d | Место и дата издания | Тверь : Тверской государственный университет, 2018 | ||
| g | Прочая информация | Вып. 16. - С. 88-95. | ||
| 901 | t | Тип документа | a | |
| 920 | a | Оператор | Стар | |
| 954 | b | Дата поступления в ОК | 20200928 |